Komparácia právnych úprav insolvenčných trestných činov na Slovensku a v Rakúsku

Insolvenčné trestné činy v Slovenskej republike. Komparácia trestnoprávnej regulácie insolvenčných deliktov na Slovensku a v Rakúsku.

Salvato in:
Dettagli Bibliografici
Autore principale: Beleš, Andrej
Natura: Capitolo di libro
Lingua:slovacco
Soggetti:
Tags: Aggiungi Tag
Nessun Tag, puoi essere il primo ad aggiungerne!!

MARC

LEADER 00000naa a2200000 4500
001 0249301
005 20181203135642.7
041 0 |a slo 
044 |a SK 
245 1 0 |a Komparácia právnych úprav insolvenčných trestných činov na Slovensku a v Rakúsku  |c Andrej Beleš 
520 |a Insolvenčné trestné činy v Slovenskej republike. Komparácia trestnoprávnej regulácie insolvenčných deliktov na Slovensku a v Rakúsku. 
610 2 0 |a činnosť trestná 
610 2 0 |a úpravy právne 
610 2 0 |a insolventnosť 
610 2 0 |a Slovensko 
610 2 0 |a Rakúsko 
610 2 0 |a analýza komparatívna 
100 1 |a Beleš, Andrej